Представление документа в формате MARC21

ПолеНазваниеЗначение
  Тип записи a
  Библиографический уровень m
001 Контрольный номер RU/URAIT/598381
005 Дата корректировки 20260429163657.7
008 Кодируемые данные 260429s2026 RU y f j 000 0 rus u
020 Индекс ISBN __
a ISBN 978-5-534-00608-7
c Цена, тираж 2169.00
040 Источник каталогиз. __
a Служба первич. каталог. ИКО Юрайт
c Служба, преобразующая запись ИКО Юрайт
e Правила каталог. RCR
041 Код языка издания __
a Код языка текста rus
044 Код страны публикации __
a Код страны публикации RU
080 Индекс УДК __
a Индекс УДК 34(075.8)
084 Индекс другой классификации/Индекс ББК __
2 Источник индекса rubbk
a Индекс другой классификации/Индекс ББК 67.404.3я73
100 Автор __
a Автор Бачило И. Л.
q Полное имя Бачило Иллария Лаврентьевна
245 Заглавие __
a Заглавие Информационное право
b Продолж. заглавия учебник для вузов
c Ответственность И. Л. Бачило.
250 Сведения об издании __
g пер. и доп
a Основные сведения об издании 5-е изд.
256 Характеристики компьютерного файла __
a Характеристики компьютерного файла Электрон. дан.
260 Выходные данные __
a Место издания Москва
b Издательство Юрайт
c Дата издания 2026
300 Физическое описание __
a Объем 419 с
440 Серия __
a Серия Высшее образование
500 Примечания __
a Примечание URL: https://urait.ru/bcode/598381 (дата обращения: 29.04.2026).
520 Аннотация __
a Аннотация В учебнике отражена концепция и позиция автора — одного из основоположников отрасли «Информационное право» — по правовым проблемам в области общественных отношений, порожденных информационной средой и уровнем развития информационных технологий в Российской Федерации. В издании нашел отражение опыт преподавания автором информационного права, в том числе и в Академическом правовом университете при Институте государства и права Российской академии наук. В учебнике раскрываются как общие вопросы информационного права (понятие, предмет, метод, принципы), так и проблемы развития правовых институтов в информационном праве. В частности, анализируется институт права собственности, рассматриваются вопросы исключительных прав субъектов в информационной сфере, документированной информации и электронного документооборота, информационных систем, правовых режимов информационных технологий и коммуникаций. Большое внимание уделено и научно-практическим проблемам развития информационных процессов. В том числе рассматриваются вопросы информационной глобализации и Интернета, факторы, влияющие на развитие информационного общества, анализируются роль информации в становлении гражданского общества, а также проблемы формирования массовой информации.
538 Прим. о системных особенностях __
a Прим. о системных особенностях Режим доступа: Электронно-библиотечная система Юрайт, для авториз. пользователей
653 Ключевые слова __
a Ключевые слова Административное право
653 Ключевые слова __
a Ключевые слова Юридические науки
653 Ключевые слова __
a Ключевые слова Информационное право
653 Ключевые слова __
a Ключевые слова Основы цифровой экономики
653 Ключевые слова __
a Ключевые слова Цифровая экономика
653 Ключевые слова __
a Ключевые слова Введение в цифровую экономику
856 Электронный адрес документа 40
n Местонахождение сервера Юрайт
g Электронная книга
q Тип электронного формата html
h Имя пользователя ЮРАЙТ
v Часы доступа к ресурсу 20271231
2 Способ доступа Показать документ
x Служебное примечание https://urait.ru/book/cover/C56238D2-A6A6-4FF1-96BD-6A7DD907C595
u URL https://urait.ru/bcode/598381
856 Электронный адрес документа 48
q Тип электронного формата cover
u URL https://urait.ru/book/cover/C56238D2-A6A6-4FF1-96BD-6A7DD907C595
911 __
u 0030=https://urait.ru/bcode/598381
911 __
u 073a=9785534006087
u 073d=2169.00
911 __
u 106a=s
911 __
u 900l=
952 Тип литературы __
i Дисциплина Информационное право
952 Тип литературы __
i Дисциплина Основы цифровой экономики
952 Тип литературы __
i Дисциплина Цифровая экономика
952 Тип литературы __
i Дисциплина Введение в цифровую экономику